| 000 | 00653cam a2200217 a 4500 | ||
|---|---|---|---|
| 003 | SISC | ||
| 005 | 20170117150357.0 | ||
| 008 | 110217s2012 maua b 001 0 eng | ||
| 010 | _a2011007275 | ||
| 020 | _a9780132570169 | ||
| 050 | 0 | 0 |
_aHD 30.213 _b.M67 2012 |
| 100 | 1 | _aMotiwalla, Luvai F. | |
| 245 | 1 | 0 |
_aEnterprise systems for management / _cLuvai F. Motiwalla and Jeff Thompson. |
| 250 | _a2nd edition. | ||
| 260 |
_aBoston : _bPearson, _c2012. |
||
| 300 |
_a383 pages : _billustrations ; _c24 cm. |
||
| 500 | _aIncludes index. | ||
| 650 | 0 | _aManagement information systems. | |
| 700 | 1 |
_aThompson, Jeffrey. _d1953- |
|
| 942 |
_2lcc _cBK _kFOR |
||
| 999 |
_c288336 _d288336 |
||